000 00689nam a2200229 i 4500
001 C2-0119267
003 PPAK
005 20180727111822.0
008 970805s1978 my |||| ||||| | may d
040 _aPPAK
_beng
_cPPAK
_erda
082 0 4 _a899.231
_223
090 0 0 _a899.231
_bNAW
_dKIH
100 0 _aNawawee Mohammad,
_eauthor
245 1 0 _aSuara dalam perjalanan :
_bsajak-sajak sebelum 31hb. Disember 1977
264 1 _aBangi, Selangor :
_bGrup Permuisi Universiti Kebangsaan Malaysia ,
_c1978
300 _aviii, 70 pages ;
_c18 cm
336 _2rdacontent
_atext
337 _2rdamedia
_aunmediated
338 _2rdacarrier
_avolume
650 1 0 _aMalay poetry
942 _ddc
_cB
999 _c32932
_d32932